书目信息 |
| 题名: |
实用精细化工过程与装备
|
|
| 作者: | 任凌波 , 金志浩 主编 | |
| 分册: | ||
| 出版信息: | 北京 化学工业出版社 2007.03 |
|
| 页数: | 461页 | |
| 开本: | 26cm | |
| 丛书名: | ||
| 单 册: | ||
| 中图分类: | TQ062 | |
| 科图分类: | ||
| 主题词: | 精细化工--jing xi hua gong--化工工程--化工设备 | |
| 电子资源: | ||
| ISBN: | 978-7-5025-9144-1 | |
| 000 | 00860nam0 2200241 450 | |
| 001 | 012007029485 | |
| 005 | 20070927093757.25 | |
| 010 | @a978-7-5025-9144-1@dCNY80.00 | |
| 100 | @a20070710d2007 km y0chiy0120 ea | |
| 101 | 0 | @achi |
| 102 | @aCN@b110000 | |
| 105 | @aa a 000yy | |
| 200 | 1 | @a实用精细化工过程与装备@Ashi yong jing xi hua gong guo cheng yu zhuang bei@f任凌波, 金志浩主编@Fren ling bo,jin zhi hao zhu bian |
| 210 | @a北京@c化学工业出版社@d2007.03 | |
| 215 | @a461页@c图@d26cm | |
| 320 | @a有书目 (第461页)。 | |
| 330 | @a本书共包含五篇,其分别是:反应过程及设备、物料预处理设备、传质过程与设备、传热过程及设备、机械分离等。 | |
| 606 | 0 | @a精细化工@Ajing xi hua gong@x化工工程@x化工设备 |
| 690 | @aTQ062@v4 | |
| 701 | 0 | @a任凌波@Aren ling bo@4主编 |
| 701 | 0 | @a金志浩@Ajin zhi hao@4主编 |
| 801 | 0 | @aCN@c20070927 |
| 905 | @dTQ062@eR500 | |
| 实用精细化工过程与装备/任凌波, 金志浩主编.-北京:化学工业出版社,2007.03 |
| 461页:图;26cm |
| ISBN 978-7-5025-9144-1:CNY80.00 |
| 本书共包含五篇,其分别是:反应过程及设备、物料预处理设备、传质过程与设备、传热过程及设备、机械分离等。 |
| ● |
| 相关链接 |
|
|
|
正题名:实用精细化工过程与装备
索取号:TQ062/R500
 
预约/预借
| 序号 | 登录号 | 条形码 | 馆藏地/架位号 | 状态 | 备注 |
| 1 | 244838 | 202448388 | 自科库501/501自科库 138排7列2层/ [索取号:TQ062/R500] | 在馆 |